[Event "Hengelo U20 op"]
[Site "Hengelo"]
[Date "2005.08.11"]
[Round "6"]
[White "Kaptijn, Jelle"]
[Black "Verzijden, Michael"]
[Result "1-0"]
[WhiteElo "1624"]
[BlackElo "1339"]
[PlyCount "83"]
[EventDate "2005.08.??"]
[EventType "swiss"]
[EventRounds "9"]
[EventCountry "NED"]
[SourceTitle "CBM 107 Extra"]
[Source "ChessBase"]
[SourceDate "2005.09.01"]
[SourceVersion "1"]
[SourceVersionDate "2005.09.01"]
[SourceQuality "1"]

1. e4 c5 2. Nf3 Nc6 3. c3 d6 4. d4 Bg4 5. Be3 Nf6 6. Bd3 g6 7. Nbd2 Bg7 8. h3 Bxf3 9. Nxf3 0-0 10. dxc5 dxc5 11. Bxc5 Nh5 12. Be3 Qd6 13. Bc2 Rfd8 14. Qxd6 Rxd6 15. 0-0 Ne5 16. Nxe5 Bxe5 17. f4 Bg7 18. g4 Ng3 19. Rf3 Ne2+ 20. Kf2 Nxc3 21. bxc3 Bxc3 22. e5 Rc6 23. Be4 Rc4 24. Bd5 Bxa1 25. Bxc4 Rc8 26. Bb3 Kg7 27. Kg3 f6 28. Rf1 Rc3 29. Kf2 Bb2 30. exf6+ exf6 31. Rd1 Rc7 32. Rd2 Bc1 33. Rc2 Bxe3+ 34. Kxe3 Re7+ 35. Kd4 f5 36. Bd5 fxg4 37. hxg4 b6 38. Rc6 h5 39. gxh5 gxh5 40. f5 Rd7 41. f6+ Kf8 42. Rc8+ 1-0